| 000 | 04643nam a22003377a 4500 | ||
|---|---|---|---|
| 001 | TIC 0032 | ||
| 003 | gtcocun | ||
| 005 | 20250922180838.0 | ||
| 006 | a||||gr|||| 00| 0 | ||
| 007 | ta | ||
| 008 | 250922b2024 gt ||||| m||| 00| 0 eng d | ||
| 040 |
_agtcocun _bSPA _cgtcocun _eRDA |
||
| 041 | _aSPA TIC 0032 | ||
| 084 | _0TIC 0032 | ||
| 100 |
_aGonzález Cifuentes, Laura Roxana _eAutor |
||
| 245 |
_aINFORME FINAL DEL EJERCICIO PROFESIONAL SUPERVISADO, DISEÑO DE ALCANTARILLADO SANITARIO EN CASERÍO CONCEPCIÓN DE MARÍA Y DISEÑO DE MEJORAMIENTO Y AMPLIACIÓN DE CAMINO RURAL EN CASERÍO NAXOMBAL, REALIZADO EN LA MUNICIPALIDAD DE SAN PABLO TAMAHÚ, ALTA VERAPAZ./ _cLaura Roxana González Cifuentes. _hImpreso |
||
| 264 |
_aCobán, Alta Verapaz: _bUniversidad de San Carlos de Guatemala, Centro Universitario del Norte, Ingenieria Civil |
||
| 300 |
_a121 p.: _bIlustraciones, gráficas. _c28 cm; |
||
| 300 | _cPDF | ||
| 336 |
_2rdacontenido _aTexto _btxt |
||
| 337 |
_2rdamedio _aComputadora _bn |
||
| 338 |
_2rdasoporte _aCódigo en línea _bcr |
||
| 502 | _eTIC 0032 | ||
| 502 |
_aTesis de grado _bIngeniería Civil, _cUniversidad de San Carlos de Guatemala, Centro Universitario del Norte, Ingeniería Civil _d2024 _oTIC 0032 |
||
| 520 | 1 | 4 | _aEl Ejercicio Profesional Supervisado de Ingeniería Civil se realizó en la municipalidad de San Pablo Tamahú, municipio del departamento de Alta Verapaz; donde se trabajó en la planificación de proyectos de infraestructura. Como primer paso se realizó un diagnóstico en el municipio para conocer las necesidades de la población, buscar las causas y efectos para poder proponer una solución desde el punto de vista de la disciplina de ingeniería civil. Para ello, fue necesario hacer un estudio del territorio y conocer el relieve, clima, vegetación, cuerpos de agua; y las actividades y costumbres de la población. Luego de la presentación del diagnóstico, se trabajó en la planificación de dos proyectos. El primero fue un sistema de alcantarillado sanitario en el caserío Concepción de María y el segundo, fue la ampliación y mejoramiento del camino rural a caserío Naxombal. Posteriormente se realizó un plan de trabajo donde se expusieron todas las actividades a desarrollar para la ejecución de los proyectos, así como el tiempo en que estas debían realizarse para culminar en el periodo establecido. Para la fase de ejecución se realizaron distintas actividades. Para ambos proyectos, se realizó el levantamiento topográfico, la extracción de muestras de suelo, estudio de la población beneficiada, entre otras. En el diseño de ambos proyectos, se utilizaron distintas normativas y reglamentos para garantizar el buen funcionamiento de estos. Para el sistema de alcantarillado sanitario, se utilizaron, principalmente, las especificaciones del Instituto de Fomento Municipal y la Unidad Ejecutora del Programa de Acueductos Rurales. También se utilizaron algunas normativas de países como México. Se determinó el diámetro de las tuberías que conformaban los ramales del sistema y la profundidad a la que debían estar para cumplir con la pendiente necesaria para la evacuación del agua residual; la profundidad de los pozos de visita y la capacidad que debe tener la planta de tratamiento para el caudal generado. Para el proyecto de ampliación y mejoramiento de camino rural, se utilizaron los lineamientos de las especificaciones de caminos rurales de la Dirección General de Caminos; también, como apoyo, se tomaron algunas referencias de manuales para diseño de carreteras de Colombia, Perú y Centroamérica. Debido a que el camino hacia la comunidad ya existe, se mejoraron las características geométricas de la carretera para cumplir con los requisitos que esta debe poseer para garantizar su buen funcionamiento y la seguridad de los usuarios. Se realizó el diseño del alineamiento horizontal y vertical, diseño de obras de drenaje longitudinal y transversal; y el mejoramiento del camino que consistió en el diseño de un pavimento rígido. Por último, los proyectos se presentaron con su respectivo juego de planos, cronograma de ejecución y financiero, presupuesto y especificaciones generales y técnicas. |
| 650 | 1 | 4 |
_2LEMB _aTamahú, Alta Verapaz. _xIngeniería _xProyecto _xAlcantarillado _xMejoramiento _xCarretera _xPanificación |
| 700 |
_aInga. Civil Sindry Yaneth Pacay Morales _eAsesor |
||
| 856 |
_uhttps://drive.google.com/file/d/1nuYip_wSLtDjq4q99fXvFO _yPDF _zUn ejemplar en línea. |
||
| 942 |
_2ddc _cTES _iTIC 0032 _kClasificación _n0 _6TIC_0032_000000000000000 |
||
| 999 |
_c2056 _d2056 |
||